000 01162nam a22003257a 4500
003 CHAP
005 20220817042300.0
008 971013s1988 r 00010 d
010 _a39527
011 _a40499
035 _a44625
040 _cCHAP
082 _a632.6513016
_bM6
100 0 0 _aMontes Belmont, Roberto.
_977848
245 _aNematología vegetal en México
_b: Investigación documental
260 _a(s.l.) :
_bSociedad Mexicana de Fitopatología,
_c1988
300 _a158 p.
_b: ilus
590 _aBATCH-UPD
_b10
_c20130110
_lUCH01
_h0024
590 _aBATCH-UPD
_b10
_c20130110
_lUCH01
_h1900
590 _aBATCH-UPD
_b10
_c20130410
_lUCH01
_h1228
590 _aBATCH-UPD
_b10
_c20130914
_lUCH01
_h1829
590 _aCONVERSION
_b10
_c20130109
_lUCH01
_h1322
650 1 4 _aNemátodos parásitos de plantas.
650 1 4 _aNemátodos parásitos de plantas
_xBibliografía.
_980837
901 _aBK
942 _cLIBRO
949 _a632.6513016 M6
_bBC
_cC
_d33724000648234
_eC
_h73524
_i44625
_mD
_si
949 _a632.6513016 M6
_bBC
_cC
_d33724000648341
_eC
_fc.3
_h89657
_i44625
_si
949 _a632.6513016 M6
_bBC
_cC
_d33724000811170
_eC
_fc.2
_h73525
_i44625
_sb
999 _c39527
_d39527